Score 0/19 Timer 05:00
0 Plays Today
Appearances Character % Correct
3624Jean Grey
74.6%
2066Mary Jane Watson
68.9%
1674Black Widow
48.9%
1873Flash (Wally West)
48%
1524Barbara Gordon (Batgirl)
44.6%
1091Rachel Summers
43.5%
*4891Archie Andrews
41.5%
2511Daredevil
32.8%
1978Jimmy Olsen
29.4%
1197Banshee
26.8%
Appearances Character % Correct
1020Starfire
26%
1212Arsenal
24.6%
1228Mystique
22.9%
1487Wolfsbane
12.7%
1036Hawkgirl
11%
*1504Alfred E. Neuman
9%
1022Dum Dum Dugan
6.2%
**1011Moira MacTaggert
5.6%
**1193Dazzler
4.5%
Remove Ads.
Support Sporcle.
Get the best of Sporcle when you Go Orange. This ad-free experience offers more features, more stats, and more fun while also helping to support Sporcle. Thank you for becoming a member.

You're not logged in!

Compare scores with friends on all Sporcle quizzes.
OR
Log In

Show Comments

Extras

Top Quizzes Today


Score Distribution

Your Account Isn't Verified!

In order to create a playlist on Sporcle, you need to verify the email address you used during registration. Go to your Sporcle Settings to finish the process.

Report this User

Report this user for behavior that violates our Community Guidelines.

Details: